Secretariats of the Central Committee of the CCP (1980-1992) - Statistics

General Stats
  • This quiz has been taken 5 times
  • The average score is 8 of 27
Answer Stats
Picture Hint Answer % Correct
1980-1982 Hu Yaobang
100%
1985-1987 Li Peng
40%
1989-1992 Li Ruihuan
40%
1982-1985 (Alternate) | 1985-1992 Qiao Shi
40%
1980-1982 Song Renqiong
40%
1980-1987 Wan Li
40%
1987-1992 Wen Jiabao
40%
1981-1987 Xi Zhongxun
40%
1980-1982 Yang Dezhi
40%
1980-1987 Yao Yilin
40%
1980-1987 Yu Qiuli
40%
1982-1987 Chen Pixian
20%
1982-1987 Deng Liqun
20%
1989-1992 Ding Guan'gen
20%
1980-1982 Fang Yi
20%
1980-1987 Gu Mu
20%
1982-1985 (Alternate) | 1985-1987 Hao Jianxiu
20%
1980-1982 Hu Qiaomu
20%
1982-1989 (Removed)* Hu Qili
20%
1980-1982 Peng Chong
20%
1987-1989 (Removed)* Rui Xingwen
20%
1985-1987 Tian Jiyun
20%
1980-1982 Wang Renzhong
20%
1985-1987 Wang Zhaoguo
20%
1989-1992 Yang Baibing
20%
1982-1983 (Died) Yang Yong
20%
1987-1989 (Removed)* Yan Mingfu
20%
No matching quizzes found
Score Distribution
Percent of People with Each Score
Percentile by Number Answered
Your Score History
You have not taken this quiz